000
00267nam a2200097Ia 4500
001
642462
005
20250826153527.0
008
250824s9999 xx 000 0 und d
245
0
_a
ÇOCUKLUĞUM ANTİK OKUL KLASİKLERİ
_c
TOLSTOY
260
_b
ANTİK DÜNYA KLASİKLERİ
999
_c
642462
_d
642462